000 01255nam a22003611a 4500
999 _c819
_d819
001 017910850
003 UkOxU
005 20191220105238.0
008 110818s2011 enka j 000 f eng|d
015 _aGBB199340
_2bnb
016 7 _a015874426
_2Uk
020 _a9780440869252 (pbk.) :
020 _a0440869250 (pbk.) :
035 _a(Uk)015874426
040 _aStDuBDS
_beng
_cStDuBDS
_dUk
042 _aukblsr
082 _aFIC WIL
100 1 _aWilson, Jacqueline.
_eauthor
245 1 0 _aLily alone /
_cJacqueline Wilson ; illustrated by Nick Sharratt.
260 _aLondon :
_bYearling,
_c2011.
300 _a1 v. :
_bill. ;
_c20 cm.
336 _atext
_2rdacontent
337 _aunmediated
_2rdamedia
338 _avolume
_2rdacarrier
500 _aFormerly CIP.
_5Uk
520 _aBut taking care of 6-year-old twins, her 3-year-old sister and the family's flat feels overwhelming and Lily is worried that school or social services might discover their situation and break up the family.
650 0 _aBrothers and sisters
_vJuvenile fiction.
650 0 _aAbandoned children
_vJuvenile fiction.
650 0 _aCamping
_vJuvenile fiction.
655 0 _aChildren's stories.
700 1 _aSharratt, Nick.
_eIllustrator
942 _2ddc
_cFIC